000
00274nam a2200121Ia 4500
008
190216s9999||||xx |||||||||||||| ||und||
100
_a
Gupta S.P
245
0
_a
Statistical Methods
260
_b
Pentice Hall Of India
300
_a
xxviiip
650
_a
Commerce
942
_c
BK
999
_c
4141
_d
4141